| 000 | 00719nam a2200193 i 4500 | ||
|---|---|---|---|
| 001 | 35614 | ||
| 003 | ES-MaACL | ||
| 005 | 20250918194237.0 | ||
| 007 | t| | ||
| 008 | 030213q1934 sp ||||1| spa d | ||
| 100 | 1 |
_aBreasted, James Henry. _931537 |
|
| 245 | 1 | 3 |
_aLa conquista de la civilización / _cJames Herny Breasted ; editado en español por el Duque de Alba ; traducido del inglés por G. Sans Huelin. |
| 260 |
_a[Madrid] : _bEspasa Calpe, _c[1934?] |
||
| 300 |
_a732 p., 29 lám., 22 map. pleg. : _bil. ; _c24 cm. |
||
| 700 | 1 |
_aAlba, Jacobo Fitz-James Stuart y Falcó, _cDuque de, _d1878-1953 _9173467 |
|
| 700 | 1 |
_aSans Huelin, Guillermo. _9103207 |
|
| 852 |
_aES-MaACL _jA-3660 |
||
| 999 |
_c35614 _d35614 |
||